000 00635nam a2200157 a 4500
001 000031568
005 20200930063024.0
008 110627s1941 dr 000 0 spa d
040 _aDO-SdBNP
_bspa
_cBNPHU
110 1 _aRepública Dominicana
_bProcuraduria General de la República
_932241
240 1 0 _aLeyes, etc.
245 1 0 _aRelación de las leyes, decretos y resoluciones vigentes que rigen las rentas de la República Dominicana, conforme ley de presupuesto para el año 1941.
260 _aCiudad Trujillo, República Dominicana :
_bProcuraduria General de la República,
_c1941.
300 _a24 p. ;
_c21 cm.
049 _aBNPD
999 _c31060
_d31060